000
00286nam a2200121 a 4500
001
4140
005
20140414132026.0
008
090218s19uu xx 00 eng d
050
_a
TR
_b
G75 2003
100
_a
Andrews, Jackie
245
_a
The Great big enormous turnip.
999
_c
113550
_d
113550